00325nam a2200133Ia 4500100003600000650001500036366000700051654001600058245005100074260001900125082001400144300000800158546002500166 aPappa/Gisele L/ Freitas/Alex A  aDatamining f25 adata mining aAutomating the design of datamining algorithms bSpringerc2010 a5.74bPAP a187 aENGLISHcelectronics